|
|
|
|
| LEADER |
01169nam a22002537a 4500 |
| 001 |
34039 |
| 003 |
BD-DhAAL |
| 005 |
20181129110304.0 |
| 008 |
181129t2017 bg a|||| ||||f00| 0 eng d |
| 999 |
|
|
|c 40314
|d 40314
|
| 040 |
|
|
|a BD-DhAAL
|
| 082 |
|
|
|a 551.91095492
|2 22
|
| 245 |
|
|
|a Impact assessment of structural interventions in Haor ecosystem and innovations for solution :
|b main report /
|c Center for Environmental and Geographic Information Services (CEGIS)
|
| 260 |
|
|
|a Dhaka :
|b Department of Bangladesh Haor and Wetlands Development, Ministry of Water Resources,
|c 2017
|
| 300 |
|
|
|a xviii, 75 pages :
|b illustrations ;
|c 29 cm
|
| 362 |
|
|
|a Vol. 1
|
| 541 |
|
|
|a Complimentary copy
|e 34039
|
| 650 |
|
|
|a Wetlands
|z Bangladesh
|9 29083
|
| 650 |
|
|
|a Ecology
|z Bangladesh
|9 29084
|
| 650 |
|
|
|a Water resources development
|z Bangladesh
|9 29085
|
| 710 |
|
|
|a Center for Environmental and Geographic Information Services (CEGIS)
|9 29086
|
| 852 |
|
|
|a Ayesha Abed Library
|c General Stacks
|
| 942 |
|
|
|2 ddc
|c BK
|
| 952 |
|
|
|0 0
|1 0
|2 ddc
|4 0
|6 551_910954920000000_IMP
|7 0
|9 64725
|a BRACUL
|b BRACUL
|c GEN
|d 2018-11-29
|e Complimentary copy
|l 0
|o 551.91095492 IMP
|p 3010034039
|r 2018-11-29
|t 1
|w 2018-11-29
|y BK
|